| 000 | 00509nam a2200145Ia 4500 | ||
|---|---|---|---|
| 008 | 170221s9999 xx 000 0 und d | ||
| 100 | _aThomas P. Boyle | ||
| 245 | _aMedia Predictors during the 2012 Presidential Election: Political Understanding, Discussion and Candidate Likeability | ||
| 245 | _cThomas P. Boyle | ||
| 260 | _bStudies in Media and Communication | ||
| 300 | _a20 : | ||
| 650 | _xCommunication | ||
| 650 | _xMedia Arts | ||
| 856 | _uhttp://redfame.com/journal/index.php/smc/issue/view/14 | ||
| 999 |
_c309079 _d309079 |
||